Joueurs Asiatiques de Champions League - Statistiques

Statistiques générales
  • Ce quiz a été pris 14 fois
  • Le résultat moyen est 7 sur 14
Statistiques - réponses
Club Pays Joueur % Correct
Paris Saint-Germain Corée du Sud Kang-In Lee
100%
FC Bayern München Corée du Sud Min-Jae Kim
93%
AS Monaco Japon Takumi Minamino
93%
Liverpool FC Japon Wataru Endo
93%
Manchester City Ouzbékistan Abdukodir Khusanov
79%
FC Bayern München Japon Hiroki Ito
57%
Olympiakos le Pirée Iran Mehdi Taremi
50%
Eintracht Frankfurt Japon Ritsu Doan
43%
Sporting Club Portugal Japon Hidemasa Morita
21%
Eintracht Frankfurt Syrie Mahmoud Dahoud
21%
FC Copenhague Japon Junnosuke Suzuki
7%
Ajax Amsterdam Japon Ko Itakura
7%
Tottenham Hotspurs Japon Kota Takai
7%
SK Slavia Prague Japon Daiki Hishioka
0%
Aucun quiz correspondant
Distribution des résultats
% des personnes avec chaque résultat
Percentile par nombre de réponses
Votre historique - résultats
Vous n’avez pas pris ce quiz